MDQL
is popping MORE tags! Check the
thread
!
Quizzes
Events
Quiz Creation
Community
Videos
Private Events
Remove Ads
Sign In
Join for FREE
Feedback
Dark Mode
Quiz Categories
Sports
Geography
Music
Movies
Television
Just For Fun
Miscellaneous
History
Literature
Language
Science
Gaming
Entertainment
Religion
Holiday
For Kids
Quiz Lab
Recent
Popular Today
Quiz Kudos Today
Editor Picks
Curator Picks
Quizzes by...
Day
Popularity
Type
Ratings
Length
Year
Community
Subscriptions
Recent Discussions
Orange Saloon
Badges
Playlists
Quests
Create
Leaderboards
Showdown
Live 5
Trivia Bingo
Activity
Puzzle Library
Sporcle Events
Private Events
Virtual Trivia
Globe League
Become a Host
Pub Owners
SporcleCon
Opinionation
Our Games
Videos
Blog
Mobile Apps
Partnerships
Remove Ads and Go Orange
Feedback
Gaming
Video Games
Board Games
Card Games
Pokémon
Mario
Nintendo
Minecraft
Console
Toys
Legend of Zelda
Gaming
Video Games
Board Games
Card Games
Pokémon
Mario
Nintendo
Minecraft
Console
Toys
Legend of Zelda
Random Quiz
Search Sporcle
×
Quiz Lab
Quiz Lab
Gaming
Radiant Dawn
Type answers based on single images at one time
Type answers based on single images at one time
Slideshow
Best Score? Go Orange.
Fire Emblem Radiant Dawn Playable Characters Slideshow Stats
Can you name the playable characters from Fire Emblem Radiant Dawn (pics)
By
luckynt13
8m
73 Questions
265 Plays
265 Plays
265 Plays
Comments
Comments
Give Quiz Kudos
Give Quiz Kudos
-
- Ratings
hide this ad
Replay
Link that replays current quiz
Next Quiz
Link to next quiz in quiz playlist
You Got
0%
They Got
Avg Score
84%
Avg Friend Score
Upgrade to see
Score Distribution
Jump to the score distribution portion of the page
Score
0/73
Timer
08:00
0
Plays Today
% Correct
Micaiah
97.4%
Ike
96.6%
Black Knight
95.8%
Mist
95.5%
Titania
95.1%
Sothe
94.7%
Soren
94%
Mia
94%
Jill
93.6%
Elincia
93.6%
Nephenee
93.2%
Ranulf
92.5%
Sanaki
92.1%
Meg
91.7%
Oscar
91.7%
Boyd
91.7%
Edward
90.2%
Shinon
89.8%
Ilyana
89.1%
Lethe
89.1%
Rolf
89.1%
Leonardo
88.3%
Lucia
88.3%
Tibarn
88.3%
Haar
87.9%
Reyson
87.5%
Oliver
87.5%
Heather
87.2%
Rhys
87.2%
Brom
86.8%
Marcia
86.4%
Mordecai
86%
Gatrie
85.7%
Ena
85.7%
Kieran
85.3%
Astrid
85.3%
Naesala
84.9%
% Correct
Ulki
84.2%
Volke
83.8%
Nolan
83.4%
Geoffrey
83.4%
Kurthnaga
83.4%
Tormod
82.3%
Aran
81.1%
Makalov
81.1%
Danved
81.1%
Rafiel
80.8%
Janaff
80.8%
Sigrun
80.8%
Volug
80.4%
Tauroneo
80.4%
Fiona
80.4%
Tanith
80.4%
Pelleas
80%
Laura
79.6%
Nailah
79.6%
Leanne
79.6%
Stefan
79.2%
Lyre
78.5%
Skrimir
78.1%
Zihark
76.6%
Calill
76.6%
Vika
76.2%
Nealuchi
76.2%
Nasir
76.2%
Bastian
75.5%
Caineghis
75.5%
Lehran
73.2%
Muarim
72.1%
Giffca
70.6%
Kyza
67.2%
Renning
66.8%
Gareth
66.4%
Quiz Playlist
Details
Report
Send in Message
Add To Playlist
Slideshow:
Type answers based on single images at one time
Quiz Source
Last Updated: Feb 16, 2017
Quiz Scoreboard
CHALLENGE
Sign Up to Join the Scoreboard
Show All
Scores
Hide
Comments
May contain spoilers
Recently Published
Holiday 10x10 Sorting Gallery
by lukepisani3
Holiday
15m
Two Season TV Shows II
by 123Four
Television
10m
Image Sorting: Flags VI
by Barbecue
Geography
2m
More to Explore
Quiz From the Vault
Featured Blog Post
14 Easter Pick-up Lines to Find Eggs With
hide this ad
You Might Also Like...
Tags
Character
Fire Emblem
Playable Characters
Radiant Dawn
Slideshow
Today's Top Quizzes in Gaming
Browse Gaming
hide this ad
Top Contributed Quizzes in Gaming
1
League of Legends Pro Players by Career/Team History
2
Genshin Impact Logic Puzzle
3
Destiny 2 exotic weapons by perk icons
4
Genshin murder mystery
5
4x4 Decades: Video Games
6
Genshin Impact Logic Puzzle Quiz
7
Ultimate Genshin Impact Logic Puzzle (up to 4.3)
8
Dead By Daylight Logic Puzzle
9
Who's on the WWE 2K24 Cover?
10
Overwatch Logic Puzzle
Explore More
Trending Topics
Marvel
Crossword
Anime
Kpop
Harry Potter
Disney
NBA
Pokémon
NFL
The Office
Soccer
WWE
Puzzle
Country
Song
hide this ad
More By:
luckynt13
Quiz
Plays
Rating
Category
Featured
Created
Epic Adventure Time Character Slideshow
5,213
4.24
Television
Sep 23, 2013
Mortal Kombat Trilogy Slideshow
762
5.00
Gaming
Dec 19, 2014
Board Game Geek Top 100 Games
361
5.00
Gaming
Oct 11, 2017
Fire Emblem Radiant Dawn Playable Characters Slideshow
265
5.00
Gaming
Dec 18, 2014
Clone High Theme Song Lyrics
252
5.00
Television
Jul 23, 2016
Go to Creator's Profile
Score Distribution
Quiz Creator Spotlight
luckynt13
Follow
Send a Message
Quizzes Created
-
Created Quiz Play Count
-
More By This Creator
Popular Quizzes Today
1
Find the US States - No Outlines Minefield
2
Colored Red Africa Blitz
3
Find the 'City' Movie
4
5x2 Blitz: Bands
5
The Countries of the World
6
Find the Countries of Europe - No Outlines Minefield
7
Find the US States
8
US States
More Gaming Quizzes
Missing Board Games in Movie Titles
Editor's Pick
Trending Quizzes
Colored Red Europe Blitz I
Colored Red Africa Blitz II
Colored Red Europe Blitz II
Even More Two Season TV Shows
Colored Red Africa Blitz III
Recently Updated
March Madness Men's Triple Doubles
pecheneg
How Do You Spell That?
pecheneg
Godzilla Movies
pecheneg
Grab Bag: 4-10 Letters
pecheneg
2024 March Madness Bracket
pecheneg
Famous TV Couples
Peacemaker
Champions League XIs: Real Madrid
pecheneg
Largest US Cities 1790-2010
pecheneg
Rides in Walt Disney World
pecheneg
Most Oscar Losses (Acting)
pecheneg
Trending Topics
Disney
NBA
Crossword
Anime
Kpop
Harry Potter
Marvel
Song
WWE
NFL
Puzzle
The Office
Pokémon
Soccer
Country
Your Account Isn't Verified!
In order to create a playlist on Sporcle, you need to verify the email address you used during registration. Go to your
Sporcle Settings
to finish the process.
Report this User
Report this user for behavior that violates our
Community Guidelines
.
Details:
Send Report
Go to the Sporcle.com Mobile Site →
Comments